John Haw meera southinestern architect
| Main Author: | |
|---|---|
| Format: | Section = Libro |
| Language: | Undetermined Spanish |
| Published: |
México
University of New Mexico Press
1983
|
| Subjects: |
| LEADER | 00544nam a2200193Ia 4500 | ||
|---|---|---|---|
| 008 | 240829s9999 xx 000 0 und d | ||
| 020 | |a 0-8263-0671-3 | ||
| 040 | |a BIBLIOTECA-RUSB/ 720.9 B942 | ||
| 041 | |a spa | ||
| 082 | |a 720.9 B942 | ||
| 100 | 1 | |a Bunting, Batnbridge | |
| 245 | 1 | 0 | |a John Haw meera southinestern architect |
| 260 | |a México |b University of New Mexico Press |c 1983 | ||
| 300 | |a 177 p. :il. | ||
| 650 | 7 | |a ESTUDIO HISTORICO Y GEOGRAFICO | |
| 650 | 7 | |b ARQUITECTURA MODERNA SIGLO XX | |
| 942 | |c BK |2 ddc | ||
| 991 | |a TEXTO | ||
| 999 | |c 5052 | ||